000 00325nam a2200133Ia 4500
008 220204s9999 xx 000 0 und d
082 _a057
_bOTT
100 _aOTTO, James H
245 0 _aModern biology.
260 _aNew York
_bHolt Reinhart & Winston
_c1963
650 _aBiology
700 _aTOWLE, Albert
942 _cBK
999 _c24965
_d24965